000 00683na a2200241 4500
001 14507
003 MIRAKIL
005 20181213154840.0
008 160829b tu 000 0
020 _a9751618177
035 _a14507
040 _aMilas
_btur
_cTR-AnCHP
082 _aDAN 411
_bY29 2005
090 _aDAN 411 Y29 2005
245 _aYazım kılavuzu
_chazırlayanlar Şükrü Haluk Akalın ...[v öte.]
250 _a24. bs.
260 _aAnkara
_bTürk Dil Kurumu
_c2005
300 _aviii, 505 s.
_c20 sm.
490 _aTürk Dil Kurumu yayınları
_v859
650 _aTürk dili
_xYazım kılavuzları
700 _aAkalın, Şükrü Haluk
942 _2ddc
_cBKS
999 _c1943
_d1943